Former and Current Flags Featuring the Union Jack - Statistics

General Stats
  • This quiz has been taken 1,895 times
  • The average score is 7 of 9
Answer Stats
Picture Answer % Correct
United Kingdom
100%
Australia
99%
New Zealand
96%
Fiji
92%
South Africa
81%
Tuvalu
78%
United States
68%
Canada
61%
Rhodesia
14%
No matching quizzes found
Score Distribution
Percent of People with Each Score
Percentile by Number Answered
Your Score History
You have not taken this quiz